MARC details
| 000 -CABECERA |
| campo de control de longitud fija |
01218nam a2200241 a 4500 |
| 001 - NÚMERO DE CONTROL |
| campo de control |
000000732 |
| 003 - IDENTIFICADOR DEL NÚMERO DE CONTROL |
| campo de control |
DO-SdBNP |
| 005 - FECHA Y HORA DE LA ÚLTIMA TRANSACCIÓN |
| campo de control |
20220406110107.0 |
| 008 - DATOS DE LONGITUD FIJA--INFORMACIÓN GENERAL |
| campo de control de longitud fija |
090429s2004 dr a 000 0 spa d |
| 040 ## - FUENTE DE LA CATALOGACIÓN |
| Centro catalogador/agencia de origen |
DO-SdBNP |
| Lengua de catalogación |
spa |
| Centro/agencia transcriptor |
BNPHU |
| 082 #4 - NÚMERO DE LA CLASIFICACIÓN DECIMAL DEWEY |
| Número de clasificación |
604.207 |
| Número de documento/Ítem |
J61a |
| Número de edición |
22 |
| 100 1# - ENTRADA PRINCIPAL--NOMBRE DE PERSONA |
| Nombre de persona |
Jiménez González, Matilde W. |
| 9 (RLIN) |
2496 |
| 245 10 - MENCIÓN DE TÍTULO |
| Título |
Apuntes sobre dibujo técnico : |
| Resto del título |
para primer curso de la educación técnica / |
| Mención de responsabilidad, etc. |
Matilde W. Jiménez González. |
| 260 ## - PUBLICACIÓN, DISTRIBUCIÓN, ETC. |
| Lugar de publicación, distribución, etc. |
Santo Domingo : |
| Nombre del editor, distribuidor, etc. |
ITESA, |
| Fecha de publicación, distribución, etc. |
2004. |
| 300 ## - DESCRIPCIÓN FÍSICA |
| Extensión |
124 p. : |
| Otras características físicas |
il. ; |
| Dimensiones |
21 cm. |
| 505 1# - NOTA DE CONTENIDO CON FORMATO |
| Título |
Presentación -- |
| Información miscelánea |
Unidade I. |
| Título |
Fundamentos del dibujo técnico -- |
| Información miscelánea |
Unidade 2. |
| Título |
Los instrumentos y materiales de dibujo. Su empleo -- |
| -- |
Unidade 3. |
| -- |
Formatos y líneas normalizados -- |
| -- |
Unidade 4 Rotulación normalizada -- |
| Información miscelánea |
Unidade 5. |
| Título |
Geometría aplicada al dibujo técnico -- |
| Información miscelánea |
Unidade 6. |
| Título |
Introducción al sistema diédrico. Vistas -- |
| -- |
Apéndice -- |
| -- |
Bibliografía. |
| 590 ## - NOTA LOCAL (RLIN) |
| Nota local |
Los dos ejemplares autografiados por el autor |
| 650 #4 - PUNTO DE ACCESO ADICIONAL DE MATERIA--TÉRMINO DE MATERIA |
| Término de materia o nombre geográfico como elemento de entrada |
Dibujo técnico |
| Subdivisión general |
Enseñanza |
| 9 (RLIN) |
2497 |
| 650 #4 - PUNTO DE ACCESO ADICIONAL DE MATERIA--TÉRMINO DE MATERIA |
| Término de materia o nombre geográfico como elemento de entrada |
Dibujo |
| Subdivisión general |
Aparatos e instrumentos |
| 9 (RLIN) |
2498 |
| 650 #4 - PUNTO DE ACCESO ADICIONAL DE MATERIA--TÉRMINO DE MATERIA |
| Término de materia o nombre geográfico como elemento de entrada |
Dibujo geométrico |
| Subdivisión general |
Enseñanza |
| 9 (RLIN) |
2499 |
| 710 2# - PUNTO DE ACCESO ADICIONAL--NOMBRE DE ENTIDAD CORPORATIVA |
| Nombre de entidad corporativa o nombre de jurisdicción como elemento de entrada |
Instituto Técnico Salesiano ITESA (República Dominicana) |
| 9 (RLIN) |
2500 |
| 942 ## - ELEMENTOS DE PUNTO DE ACCESO ADICIONAL (KOHA) |
| Fuente del sistema de clasificación o colocación |
Dewey Decimal Classification |
| Tipo de ítem Koha |
Libro |